000 00542nam a22001937i 4500
001 13168
003 ES-MaACL
005 20230906150520.0
007 t|
008 960926s1988 sp ||||0| spa j
020 _a84-7156-223-5
040 _aM-BN
_bspa
_cM-BN
080 _a860-14"19"
100 1 _aReyzábal, María Victoria.
_996641
245 1 0 _aEquilibrio de arenas y viento /
_cMaría Victoria Reyzábal.
260 _aMadrid :
_bMediterraneo,
_cD.L. 1988.
300 _a94 p. ;
_c18 cm.
852 _aES-MaACL
_jL-20545
_bR.122492
999 _c13168
_d13168